Aspects of interpersonal communication / (Record no. 143327)
[ view plain ]
| 000 -LEADER | |
|---|---|
| fixed length control field | 00730nam a22002297a 4500 |
| 005 - DATE AND TIME OF LATEST TRANSACTION | |
| control field | 20230529142339.0 |
| 010 ## - LCCN (DPL NO) | |
| LC control number | ENG-119762 |
| 020 ## - INTERNATIONAL STANDARD BOOK NUMBER | |
| Terms of availability | 100.00 |
| International Standard Book Number | 9788186954829 |
| 035 ## - SYSTEM CONTROL NUMBER | |
| System control number | EN-103294 |
| 037 ## - SOURCE OF ACQUISITION | |
| Source of stock number/acquisition | DBAD/PUB |
| 082 ## - DEWEY DECIMAL CLASSIFICATION NUMBER | |
| Classification number | 153.6 |
| 100 ## - MAIN ENTRY--PERSONAL NAME | |
| Personal name | Mukherjee, Sumitra |
| 245 ## - TITLE STATEMENT | |
| Title | Aspects of interpersonal communication / |
| Statement of responsibility, etc | by Sumitra Mukherjee [and] Sujata Roychodhury ; edited by Soumitra Basu |
| 260 ## - PUBLICATION, DISTRIBUTION, ETC. (IMPRINT) | |
| Place of publication, distribution, etc | Kolkata |
| Name of publisher, distributor, etc | Jadavpur University Press |
| Date of publication, distribution, etc | 2012 |
| 270 ## - ADDRESS | |
| City | Kolkata |
| Address | Jadavpur University |
| Postal code | 700032 |
| 300 ## - PHYSICAL DESCRIPTION | |
| Extent | 132p. |
| Dimensions | 21cm(pbk) |
| 490 ## - SERIES STATEMENT | |
| Series statement | Self-empowerment series |
| 500 ## - GENERAL NOTE | |
| General note | Includes bibligraphical references |
| 700 ## - ADDED ENTRY--PERSONAL NAME | |
| Personal name | Roychoudhury, Sujata |
| 700 ## - ADDED ENTRY--PERSONAL NAME | |
| Personal name | Basu, Soumitra |
| 942 ## - ADDED ENTRY ELEMENTS (KOHA) | |
| Item type | English Books |
| Classification part | 153.6 |
| Call number suffix | MUK |
| Source of classification or shelving scheme | Library of Congress Classification |
| Withdrawn status | Lost status | Not for loan | Collection code | Home library | Current library | Date acquired | Source of acquisition | Cost, normal purchase price | Full call number | Barcode | Copy number | Cost, replacement price | Koha item type |
|---|---|---|---|---|---|---|---|---|---|---|---|---|---|
| Non-fiction | Ashok Vihar | Ashok Vihar | 14/08/2017 | DBAD/PUB | 100.00 | 153.6 MUK | EN-103294 | 1 | 100.00 | English Books |
